Justicia social : (Record n. 29450)

Dettagli MARC
000 -LEADER
fixed length control field 00721nam a2200217 i 4500
003 - CONTROL NUMBER IDENTIFIER
control field IT-RoINE
005 - DATE AND TIME OF LATEST TRANSACTION
control field 20190307093743.0
008 - FIXED-LENGTH DATA ELEMENTS--GENERAL INFORMATION
fixed length control field 900725s1962 sp a r | spa d
040 ## - CATALOGING SOURCE
Original cataloging agency SpMaBN
Language of cataloging spa
Transcribing agency A2 IT-RoINE
Modifying agency IT-RoINE
100 1# - MAIN ENTRY--PERSONAL NAME
Personal name Alejandro Guillamón, Vicente,
Dates associated with a name 1930-
9 (RLIN) 57707
245 10 - TITLE STATEMENT
Title Justicia social :
Remainder of title doctrina para un sindicalismo de inspiración cristiana /
Statement of responsibility, etc Vicente Alejandro Guillamón.
260 ## - PUBLICATION, DISTRIBUTION, ETC. (IMPRINT)
Place of publication, distribution, etc [Madrid] :
Name of publisher, distributor, etc Pluma,
Date of publication, distribution, etc 1962.
300 ## - PHYSICAL DESCRIPTION
Extent 228 p. ;
Dimensions 19 cm.
336 ## - CONTENT TYPE
Source rdacontent
Content type term text
337 ## - MEDIA TYPE
Source rdamedia
Media type term unmediated
338 ## - CARRIER TYPE
Source rdacarrier
Carrier type term volume
490 1# - SERIES STATEMENT
Series statement La Flecha en el Blanco
650 #4 - SUBJECT ADDED ENTRY--TOPICAL TERM
Topical term or geographic name as entry element Sindicatos católicos
9 (RLIN) 57708
830 #0 - SERIES ADDED ENTRY--UNIFORM TITLE
Uniform title Flecha en el Blanco
9 (RLIN) 57709
942 ## - ADDED ENTRY ELEMENTS (KOHA)
Item type Monografías
Dati di copia
Withdrawn status Lost status Damaged status Not for loan Home library Current library Date acquired Total Checkouts Full call number Barcode Date last seen Price effective from Koha item type Public note
        Iglesia Nacional Española en Roma Iglesia Nacional Española en Roma 07/03/2019   HIS.ECL 1115 55358 07/03/2019 07/03/2019 Monografías Dedicatoria autógrafa del autor.